Spotrebiteľské združenia ako súčasť ochrany spotrebiteľa na Slovensku bakalárska práca

Salvato in:
Dettagli Bibliografici
Autore principale: Valík, Pavol
Ente Autore: Fakulta podnikového manažmentu EU. Katedra podnikovohospodárska
Altri autori: Hrušovská, Dana, 1964-
Natura: Libro
Lingua:slovacco
Pubblicazione: Bratislava 2019
Tags: Aggiungi Tag
Nessun Tag, puoi essere il primo ad aggiungerne!!

MARC

LEADER 00000nbm a2200000 4500
001 0255373
005 20191125141756.1
041 0 |a slo 
044 |a SK 
245 1 0 |a Spotrebiteľské združenia ako súčasť ochrany spotrebiteľa na Slovensku  |b bakalárska práca  |c Pavol Valík ; školiteľ: Dana Hrušovská 
264 1 |a Bratislava  |c 2019 
300 |a 54 s. 
100 1 |a Valík, Pavol 
700 1 |a Hrušovská, Dana, 1964- 
710 2 |a Fakulta podnikového manažmentu EU. Katedra podnikovohospodárska